Independent Cities of Virginia - Statistics

General Stats
  • This quiz has been taken 290 times
  • The average score is 19 of 38
Answer Stats
Hint Answer % Correct
210,309 Richmond
98%
447,021 Virginia Beach
95%
245,782 Norfolk
91%
146,294 Alexandria
88%
97,469 Roanoke
81%
228,417 Chesapeake
79%
43,956 Charlottesville
77%
180,726 Newport News
74%
136,836 Hampton
64%
77,113 Lynchburg
64%
23,461 Fairfax
63%
15,167 Williamsburg
59%
27,307 Fredericksburg
56%
40,605 Manassas
56%
42,996 Danville
54%
85,181 Suffolk
53%
50,981 Harrisonburg
51%
26,881 Winchester
51%
31,973 Petersburg
49%
23,921 Staunton
47%
17,662 Bristol
46%
96,470 Portsmouth
45%
6,998 Lexington
41%
13,229 Falls Church
39%
24,970 Salem
34%
13,733 Martinsville
32%
16,685 Radford
31%
5,740 Emporia
29%
21,107 Waynesboro
29%
6,908 Galax
28%
15,798 Manassas Park
28%
6,707 Buena Vista
26%
5,771 Covington
23%
4,068 Norton
22%
17,479 Colonial Heights
20%
12,097 Poquoson
20%
8,528 Franklin
19%
22,348 Hopewell
19%
No matching quizzes found
Score Distribution
Percent of People with Each Score
Percentile by Number Answered
Your Score History
You have not taken this quiz